000 01116pam a2200313 a 4500
001 3398121
003 OSt
005 20160425184047.0
008 890524s1989 enka b 001 0 eng
010 _a 89012296
020 _a0470215178
040 _aDLC
_cDLC
_dDLC
050 0 0 _aQD101.2
_b.V63 1989
082 0 0 _a543
_220
_bVOG 2000
100 1 _aMendham, J...[etal]
_98273
240 1 0 _aTextbook of quantitative chemical analysis
245 1 0 _aVogel's textbook of quantitative chemical analysis.
_cJ Mendham...[etal]
250 _a6th ed.
260 _aHarlow England :
_bPrentice Hall
_c2000
300 _axxix, 877 p. :
_bill. ;
_c24 cm.
500 _aRev. ed. of: Vogel's textbook of quantitative inorganic analysis. 4th ed. 1978.
504 _aIncludes bibliographies and index.
650 0 _aChemistry, Analytic
_xQuantitative.
_98274
650 0 _aChemistry, Inorganic.
_98270
700 1 _aJeffery, G. H.,
_d1909-
_98275
700 1 _aVogel, Arthur Israel.
_tVogel's textbook of quantitative inorganic analysis.
_98276
906 _a7
_bcbc
_corignew
_d1
_eocip
_f19
_gy-gencatlg
942 _2ddc
_cSLOAN
999 _c3752
_d3752